i Va de viaje, pues! . Sistematización participativa del proyecto de manejo comunitario del garrobo negro (Ctenosaura similis) e iguana verde (Iguana iguana)

Guardado en:
Bibliografiske detaljer
Institution som forfatter: UICN
Format: Texto
Udgivet: San José: UICN
Tags: Tilføj Tag
Ingen Tags, Vær først til at tagge denne postø!

MARC

LEADER 00000 a a2200000 04500
001 23377
003
040
020 |a 9968-743-143  
090 |a 162600  
110 |a UICN  
245 |a i Va de viaje, pues! . Sistematización participativa del proyecto de manejo comunitario del garrobo negro (Ctenosaura similis) e iguana verde (Iguana iguana)  
260 |a San José:   |b UICN  
300 |a 44 p.   |b fonodiscos  
999 |c 13198  |d 13198